| 000 | 00333nam a2200109Ia 4500 | ||
|---|---|---|---|
| 008 | 200302s9999 xx 000 0 und d | ||
| 100 | _aJoe L. Kincheloe and & Other | ||
| 245 | _aCritical Thinking and Learning an Encyclopedia for Parents and Teachers | ||
| 260 | _bGreenwood Publishing Group Inc. | ||
| 260 | _c2005 | ||
| 300 | _a532 P., | ||
| 999 |
_c5042 _d5042 |
||